|
|
|
|
| LEADER |
00000nab a2200000 a 4500 |
| 001 |
vtls000885603 |
| 003 |
SK-MaSNL |
| 005 |
20260318133151.0 |
| 008 |
040806c1998 xo 0 eng |
| 015 |
|
|
|a SNBRA2004/09-27413
|
| 035 |
|
|
|a CLN000237043
|
| 040 |
|
|
|a SNKBUCL
|b slo
|c SNKBUCL
|e AACR2
|
| 041 |
0 |
|
|a slo
|
| 044 |
|
|
|a xo
|c SK
|
| 080 |
|
|
|a 669.1"653"
|2 UDC-MRF-SK2
|
| 080 |
|
|
|a 682.1:669.1"653"
|2 UDC-MRF-SK2
|
| 100 |
1 |
|
|a Mihok, Ľubomír,
|d 1942-
|4 aut
|9 103444
|
| 245 |
1 |
0 |
|a Research of medieval methods used for horse shoes production
|c Ľubomír Mihok, Alena Pribulová, Alois Hollý
|
| 300 |
|
|
|b Obr.
|
| 504 |
|
|
|a Res. angl.
|
| 648 |
|
7 |
|a stor. 13.-14.
|2 snkbucl
|9 1238954
|
| 650 |
0 |
7 |
|a podkovy
|2 SNKPH
|9 97819
|
| 650 |
0 |
7 |
|a metalurgia stredoveká
|2 SNK
|9 1238955
|
| 650 |
0 |
7 |
|a technológie stredoveké
|2 SNK
|9 1238956
|
| 655 |
|
7 |
|a články zo zborníkov
|2 snkbucl
|9 166140
|
| 700 |
1 |
|
|a Hollý, Alois
|4 aut
|9 791374
|
| 700 |
1 |
|
|a Pribulová, Alena,
|d 1963-
|4 aut
|9 13133
|
| 773 |
0 |
|
|z 8070993243
|t Metallography '98
|d Košice : Technical University, 1998
|g S. 471-474
|
| 850 |
|
|
|a Slovenská národná knižnica v Martine
|
| 852 |
|
|
|a SNK
|b KIS3GCP
|
| 999 |
|
|
|c 2192097
|d 2194027
|